[Event "FRA-ch op-D"]
[Site "Aix les Bains"]
[Date "2007.08.15"]
[Round "1"]
[White "Marcel, Jean Francois"]
[Black "Lallement, Jose"]
[Result "0-1"]
[WhiteElo "1499"]
[BlackElo "1370"]
[PlyCount "64"]
[EventDate "2007.08.13"]
[EventType "swiss"]
[EventRounds "11"]
[EventCountry "FRA"]
[SourceTitle "CBM 120 Extra"]
[Source "ChessBase"]
[SourceDate "2007.11.01"]
[SourceVersion "1"]
[SourceVersionDate "2007.11.01"]
[SourceQuality "1"]

1. d4 d5 2. c4 Nf6 3. Nf3 e6 4. Nc3 c5 5. e3 Nc6 6. cxd5 exd5 7. Bd3 Be7 8. Bb5 0-0 9. h3 a6 10. Ba4 b5 11. Bc2 c4 12. Bd2 Bb4 13. a3 Bxc3 14. Bxc3 Re8 15. Qd2 Ne4 16. Bxe4 Rxe4 17. g3 f6 18. 0-0-0 Rb8 19. Ne1 Qe8 20. Nc2 Re6 21. Nb4 Na5 22. Qc2 Nb3+ 23. Kb1 Rd6 24. Rhe1 g6 25. g4 f5 26. f3 a5 27. Na2 Re6 28. Qf2 Re7 29. Qg3 Rb6 30. Re2 Rbe6 31. gxf5 Rxe3 32. Rxe3 Bxf5+ 0-1